000
00358nam a2200133Ia 4500
008
231129s1979||||xx |||||||||||||| ||spa||
020
_a
84-226-1291-7
082
_a
780.15 S744m
100
_a
Spence Keith.
245
0
_a
Música viva
260
_c
1979
264
_a
Barcelona: Circulo de lectores.
942
_2
ddc
_c
BKS
999
_c
21539
_d
21539